000 00584nam a2200205Ia 4500
001 23553
003 GE_BSU
008 181216s||||||||xx |||||||||||||| ||und||
040 _cGE_BSU
245 _aФармация. №6. том 67. 2018
245 _bНаучно-практический журнал
245 _cГл. ред. И. А. Самылина
260 _aмосква
260 _c2018г.
300 _a56ст;29см;
653 _aПериодика
653 _aФармация. №6. том 67. 2018
653 _aპერიოდიკა
942 _cCR
999 _c56440
_d56440